[Event "NAYCC U18"]
[Site "Kingston CAN"]
[Date "2025.08.18"]
[Round "2.11"]
[White "Blomer, John"]
[Black "Paragua, Megan Althea"]
[Result "0-1"]
[WhiteElo "1775"]
[BlackElo "2300"]
[WhiteFideId "-1"]
[WhiteFideId "-1"]
[PlyCount "62"]
[GameId "2215438752142520"]
[EventDate "2025.08.18"]
[EventType "swiss"]
[EventRounds "9"]
[EventCountry "CAN"]

1. b3 Nf6 2. Bb2 e6 3. e3 Be7 4. f4 d5 5. Nf3 O-O 6. Be2 b6 7. O-O Bb7 8. Qe1 Nbd7 9. h3 c5 10. d3 b5 11. Nbd2 Rc8 12. c4 bxc4 13. bxc4 dxc4 14. Nxc4 Nb6 15. Nfe5 Nfd5 16. Bf3 f6 17. Ng4 Ba6 18. Be2 h5 19. Nf2 g6 20. Qc1 Rb8 21. Rd1 Na4 22. Rb1 Qc7 23. Bf3 Rb4 24. f5 Ndc3 25. fxe6 Nxb1 26. Qxb1 Nc3 27. Qc2 Nxd1 28. Nxd1 Qg3 29. Bc3 Bxc4 30. Bxb4 cxb4 31. Qxc4 Qe1+ 0-1

[Event "NAYCC U18"]
[Site "Kingston CAN"]
[Date "2025.08.18"]
[Round "2.13"]
[White "Zhu, Matthew"]
[Black "Zhuang, Ryan"]
[Result "1-0"]
[WhiteElo "2043"]
[BlackElo "1706"]
[WhiteFideId "-1"]
[WhiteFideId "-1"]
[PlyCount "107"]
[GameId "2215446940042443"]
[EventDate "2025.08.18"]
[EventType "swiss"]
[EventRounds "9"]
[EventCountry "CAN"]

1. e4 e6 2. d4 d5 3. Nc3 Nf6 4. e5 Ng8 5. f4 Nh6 6. Nf3 c5 7. Be3 Qb6 8. Qd2 Nf5 9. Bf2 Qxb2 10. Rb1 Qa3 11. Bb5+ Bd7 12. Rb3 Qa5 13. dxc5 a6 14. Bd3 Bc6 15. Bxf5 exf5 16. Qe3 Be7 17. e6 O-O 18. O-O Re8 19. exf7+ Kxf7 20. Ne5+ Kg8 21. Nxc6 Nxc6 22. Nxd5 Bh4 23. Qc3 Bxf2+ 24. Kxf2 Qxc3 25. Rxc3 Rad8 26. Rd3 Kf7 27. Rb1 Rd7 28. Ne3 Rde7 29. Nxf5 Re2+ 30. Kf3 R8e6 31. Rxb7+ Kf6 32. g4 h5 33. h3 hxg4+ 34. hxg4 Rxc2 35. Ng3 Rxc5 36. Ne4+ Rxe4 37. Kxe4 Rc4+ 38. Ke3 Kg6 39. Rdd7 a5 40. Rb6 Kh7 41. Rbb7 Kg6 42. Rxg7+ Kf6 43. Rgc7 Ke6 44. Rb6 Kd5 45. Rbxc6 Rb4 46. Rc5+ Ke6 47. f5+ Kf6 48. R7c6+ Kg7 49. Rg6+ Kh7 50. Rc7+ Kh8 51. f6 Rb8 52. Rh6+ Kg8 53. Rg7+ Kf8 54. Rh8# 1-0

[Event "NAYCC U18"]
[Site "Kingston CAN"]
[Date "2025.08.18"]
[Round "2.14"]
[White "Samanta, Neelansh"]
[Black "Joseph, Jonath"]
[Result "1/2-1/2"]
[WhiteElo "1698"]
[BlackElo "1938"]
[WhiteFideId "-1"]
[WhiteFideId "-1"]
[PlyCount "65"]
[GameId "2215453740463315"]
[EventDate "2025.08.18"]
[EventType "swiss"]
[EventRounds "9"]
[EventCountry "CAN"]

1. b3 Nf6 2. Bb2 b6 3. Nf3 Bb7 4. g3 e6 5. Bg2 Be7 6. O-O O-O 7. d4 d5 8. c4 Nbd7 9. Nc3 c5 10. cxd5 Nxd5 11. Re1 cxd4 12. Nxd4 Nxc3 13. Bxc3 Bxg2 14. Kxg2 Qc7 15. Rc1 Rac8 16. Kg1 Qb7 17. Nb5 Nc5 18. Nd6 Bxd6 19. Qxd6 Ne4 20. Qe5 Nxc3 21. Rxc3 Rxc3 22. Qxc3 Rc8 23. Rd1 h6 24. Qd3 a6 25. Qf3 Qxf3 26. exf3 Rc2 27. Rd6 Rxa2 28. Rxb6 g5 29. h4 Kg7 30. hxg5 hxg5 31. b4 Kf6 32. b5 axb5 33. Rxb5 1/2-1/2

[Event "NAYCC U18"]
[Site "Kingston CAN"]
[Date "2025.08.19"]
[Round "3.1"]
[White "Park, Evan"]
[Black "Kot, Emanuel"]
[Result "0-1"]
[Annotator "hugh_"]
[WhiteElo "2412"]
[BlackElo "2166"]
[WhiteFideId "-1"]
[WhiteFideId "-1"]
[PlyCount "53"]
[GameId "2215510068097593"]
[EventDate "2025.08.18"]
[EventType "swiss"]
[EventRounds "9"]
[EventCountry "CAN"]

1. e4 c5 2. Nf3 e6 3. d4 cxd4 4. Nxd4 Nf6 5. Nc3 Nc6 6. Bf4 d6 7. Ndb5 e5 8. Bg5 a6 9. Na3 b5 10. Nab1 Ne7 11. Be2 b4 12. Nd5 Nexd5 13. exd5 Be7 14. a3 Qb6 15. O-O Bb7 16. Be3 Qa5 17. Bc4 Rc8 18. Nd2 Qc7 19. Nf3 bxa3 20. Rxa3 O-O 21. b3 Nd7 22. Bd3 g6 23. Bh6 Rfe8 24. c4 Bf8 25. Bxf8 Kxf8 26. g4 Nc5 27. Bc2 {Unreadable scoresheets. Black won in 60 moves.} 0-1

[Event "NAYCC U18"]
[Site "Kingston CAN"]
[Date "2025.08.19"]
[Round "3.2"]
[White "Vemparala, Nikash"]
[Black "Das, Aditeya"]
[Result "1/2-1/2"]
[WhiteElo "2176"]
[BlackElo "2259"]
[WhiteFideId "-1"]
[WhiteFideId "-1"]
[PlyCount "78"]
[GameId "2215508254073393"]
[EventDate "2025.08.18"]
[EventType "swiss"]
[EventRounds "9"]
[EventCountry "CAN"]

1. c4 e6 2. g3 d5 3. Bg2 Nf6 4. Nf3 d4 5. O-O Be7 6. d3 c5 7. e3 Nc6 8. exd4 cxd4 9. Na3 O-O 10. Nc2 a5 11. Re1 Bc5 12. Bd2 Re8 13. Ne5 Nxe5 14. Rxe5 Nd7 15. Re1 e5 16. b4 axb4 17. Nxb4 Bd6 18. Qe2 Nc5 19. f4 Bf5 20. g4 Bd7 21. f5 Qh4 22. Bf3 h5 23. gxh5 Bxf5 24. Qg2 e4 25. dxe4 Nxe4 26. Bh6 Qf6 27. Nd5 Qxh6 28. Bxe4 Bxe4 29. Rxe4 Rxe4 30. Qxe4 Qxh5 31. Qg2 Qh4 32. Rf1 Be5 33. Qf2 Qxf2+ 34. Rxf2 Ra4 35. Ne7+ Kh7 36. Rf5 Bxh2+ 37. Kxh2 Rxa2+ 38. Kg3 Kh6 39. Rxf7 Rc2 1/2-1/2

[Event "NAYCC U18"]
[Site "Kingston CAN"]
[Date "2025.08.19"]
[Round "3.3"]
[White "Cherukuri, Nitesh"]
[Black "Schaefer, Sasha Milo"]
[Result "1-0"]
[WhiteElo "2252"]
[BlackElo "2023"]
[WhiteFideId "-1"]
[WhiteFideId "-1"]
[PlyCount "73"]
[GameId "2215516367053380"]
[EventDate "2025.08.18"]
[EventType "swiss"]
[EventRounds "9"]
[EventCountry "CAN"]

1. e4 c6 2. d4 d5 3. e5 c5 4. dxc5 e6 5. c3 Bxc5 6. Qg4 g6 7. Nf3 Nc6 8. Bd3 Bd7 9. O-O Qc7 10. b4 Be7 11. Qg3 O-O-O 12. Na3 h5 13. h4 Nh6 14. Nb5 Qb8 15. Bg5 Be8 16. Nfd4 Kd7 17. Rfe1 Ng4 18. Bf4 Rc8 19. Rad1 a6 20. Nxc6 Rxc6 21. Nd4 Rxc3 22. Bb5+ axb5 23. Qxc3 Kd8 24. Qd2 Bxh4 25. g3 Be7 26. f3 g5 27. Bxg5 Nxe5 28. Bf4 Bd6 29. Bxe5 Bxe5 30. Qg5+ f6 31. Qg7 Bxd4+ 32. Rxd4 Rf8 33. Rxe6 Qa7 34. Rd6+ Kc8 35. R6xd5 Rf7 36. Qg8 Re7 37. Rc5+ 1-0

[Event "NAYCC U18"]
[Site "Kingston CAN"]
[Date "2025.08.19"]
[Round "3.4"]
[White "Martinez Flores, Matias"]
[Black "Mulay, Vivan Prakash"]
[Result "1/2-1/2"]
[WhiteElo "2060"]
[BlackElo "2029"]
[WhiteFideId "-1"]
[WhiteFideId "-1"]
[PlyCount "112"]
[GameId "2215521014186572"]
[EventDate "2025.08.18"]
[EventType "swiss"]
[EventRounds "9"]
[EventCountry "CAN"]

1. e4 c5 2. Nf3 d6 3. d4 cxd4 4. Nxd4 Nf6 5. Nc3 a6 6. f3 e5 7. Nb3 Be7 8. Be3 Be6 9. Qd2 h5 10. Be2 Nbd7 11. Nd5 Bxd5 12. exd5 Qc7 13. O-O Nb6 14. Bxb6 Qxb6+ 15. Kh1 h4 16. Rf2 Nh5 17. Kg1 Nf4 18. Bf1 Bg5 19. Qa5 Qa7 20. Re1 O-O 21. g3 Nh5 22. Kg2 h3+ 23. Kg1 Nxg3 24. Bxh3 Nh5 25. c4 Bh4 26. Qd2 Nf4 27. Bf1 a5 28. Qe3 b6 29. Nd2 f5 30. Rc1 Bxf2+ 31. Kxf2 Rae8 32. Nb3 Qe7 33. Qxb6 e4 34. Qe3 Qh4+ 35. Kg1 Nh3+ 36. Bxh3 Qxh3 37. Nd4 exf3 38. Qf2 f4 39. Ne6 Rf6 40. Kh1 Rexe6 41. dxe6 Rxe6 42. Rc2 Rg6 43. Qe1 Kh7 44. Rf2 Qh5 45. Qf1 Rg3 46. Qb1+ Kh6 47. Qd1 Rg2 48. Qxd6+ Kh7 49. Qd3+ Kh6 50. Rxg2 fxg2+ 51. Kxg2 Qg4+ 52. Kf1 f3 53. Qd2+ g5 54. b3 Kh5 55. Qc2 Qd4 56. c5 g4 1/2-1/2

[Event "NAYCC U18"]
[Site "Kingston CAN"]
[Date "2025.08.19"]
[Round "3.5"]
[White "Paragua, Megan Althea"]
[Black "Guo, Ethan"]
[Result "0-1"]
[WhiteElo "2300"]
[BlackElo "2311"]
[WhiteFideId "-1"]
[WhiteFideId "-1"]
[PlyCount "98"]
[GameId "2215525677326932"]
[EventDate "2025.08.18"]
[EventType "swiss"]
[EventRounds "9"]
[EventCountry "CAN"]

1. e4 c5 2. Nf3 d6 3. Bb5+ Nd7 4. d4 cxd4 5. Qxd4 a6 6. Bxd7+ Bxd7 7. Nc3 Nf6 8. Bg5 h6 9. Bh4 g5 10. Bg3 Bg7 11. Qd3 O-O 12. O-O-O Rc8 13. Nd4 Qa5 14. Nb3 Qc7 15. f4 gxf4 16. Bxf4 Qc4 17. Qxc4 Rxc4 18. Na5 Rxc3 19. bxc3 Nxe4 20. Rde1 f5 21. Bd2 Rc8 22. Nb3 Bf6 23. Rhf1 Nxd2 24. Nxd2 Rxc3 25. Rf3 Rc5 26. Nb3 Rc7 27. g3 Kf7 28. Rd1 Kg6 29. Rf2 Bc6 30. Nd4 Be4 31. Ne6 Bg5+ 32. Nxg5 hxg5 33. Kb2 d5 34. Rd4 a5 35. Rfd2 Rc5 36. c4 e5 37. Rxd5 Bxd5 38. cxd5 Rc7 39. d6 Rd7 40. Kc3 Kf6 41. h4 gxh4 42. gxh4 e4 43. Rb2 Ke6 44. Rb5 Rxd6 45. Rxb7 e3 46. Rb8 Ke5 47. h5 f4 48. Re8+ Kf5 49. Rf8+ Kg4 0-1

[Event "NAYCC U18"]
[Site "Kingston CAN"]
[Date "2025.08.19"]
[Round "3.6"]
[White "Zhu, Matthew"]
[Black "Yang, Jingyun (Ryan)"]
[Result "0-1"]
[WhiteElo "2043"]
[BlackElo "2372"]
[WhiteFideId "-1"]
[WhiteFideId "-1"]
[PlyCount "58"]
[GameId "2215551465243290"]
[EventDate "2025.08.18"]
[EventType "swiss"]
[EventRounds "9"]
[EventCountry "CAN"]

1. e4 c5 2. Nf3 e6 3. d4 cxd4 4. Nxd4 Nc6 5. Nc3 Qc7 6. Be3 a6 7. Qd2 Nf6 8. O-O-O Bb4 9. f3 Ne7 10. Nb3 Bxc3 11. bxc3 d5 12. c4 O-O 13. cxd5 exd5 14. Bd4 dxe4 15. fxe4 Nxe4 16. Qe3 f5 17. Nc5 Nc6 18. Nxe4 Nxd4 19. Rxd4 fxe4 20. Bc4+ Kh8 21. Qxe4 Bf5 22. Qh4 Qa5 23. Qg3 Rac8 24. Bb3 Bxc2 25. Kb2 Bxb3 26. axb3 Qc5 27. Rc4 Rf2+ 28. Kc3 Qa5+ 29. Kd4 Qd2+ 0-1

[Event "NAYCC U18"]
[Site "Kingston CAN"]
[Date "2025.08.19"]
[Round "3.7"]
[White "Lu, Yiding"]
[Black "Mou, Iris"]
[Result "0-1"]
[WhiteElo "2042"]
[BlackElo "2240"]
[WhiteFideId "-1"]
[WhiteFideId "-1"]
[PlyCount "78"]
[GameId "2215582487405285"]
[EventDate "2025.08.18"]
[EventType "swiss"]
[EventRounds "9"]
[EventCountry "CAN"]

1. e4 c6 2. d4 d5 3. Nc3 dxe4 4. Nxe4 Nf6 5. Nxf6+ exf6 6. Bd3 Qxd4 7. Nf3 Qb6 8. O-O Be6 9. Re1 Bc5 10. Qe2 O-O 11. b4 Bd6 12. Bb2 Nd7 13. Bxh7+ Kxh7 14. Ng5+ fxg5 15. Qh5+ Kg8 16. Bxg7 f6 17. Qg6 Bf5 18. Qxf5 Rf7 19. Bh6 Nf8 20. h4 Qb5 21. Qg4 Qxb4 22. c4 Nh7 23. Re6 Bf8 24. hxg5 Bxh6 25. gxh6+ Kh8 26. Rae1 Rg8 27. Qh5 Ng5 28. Re8 Rff8 29. R8e7 Qc3 30. h7 Rg7 31. Re8 Nf3+ 32. Kh1 Qxe1+ 33. Rxe1 Nxe1 34. Qe2 Nxg2 35. Qe4 Nh4 36. Qd3 Re8 37. Qc3 Re5 38. c5 Rh5 39. Qh3 Nf3 0-1

[Event "NAYCC U18"]
[Site "Kingston CAN"]
[Date "2025.08.19"]
[Round "3.9"]
[White "Tang, Vincent"]
[Black "Guillemette, Hugo"]
[Result "1/2-1/2"]
[WhiteElo "1937"]
[BlackElo "2193"]
[WhiteFideId "-1"]
[WhiteFideId "-1"]
[PlyCount "103"]
[GameId "2215586369848053"]
[EventDate "2025.08.18"]
[EventType "swiss"]
[EventRounds "9"]
[EventCountry "CAN"]

1. d4 Nf6 2. c4 e6 3. Nc3 Bb4 4. Qb3 c5 5. dxc5 Nc6 6. Nf3 O-O 7. Bg5 Bxc5 8. e3 h6 9. Bxf6 Qxf6 10. a3 Qg6 11. O-O-O b6 12. Rg1 f5 13. Nb5 a6 14. Nbd4 Bb7 15. Nxc6 Bxc6 16. Ne5 Qg5 17. Nxc6 dxc6 18. g3 e5 19. Be2 Kh8 20. Kb1 Qe7 21. Qc2 b5 22. cxb5 axb5 23. Rc1 Bd6 24. g4 b4 25. a4 fxg4 26. Rxg4 Rxf2 27. Qxc6 Raf8 28. Bd3 e4 29. Rxe4 Be5 30. Rc2 Rxc2 31. Qxc2 Qd6 32. b3 Bf6 33. Bb5 Rd8 34. Kc1 Bc3 35. h4 Qg3 36. Qe2 Qg1+ 37. Qf1 Qh2 38. Be2 Qd6 39. Qd1 Qf8 40. Qf1 Qc5 41. Bc4 Qd6 42. Qe2 Qg3 43. Rg4 Qe5 44. Qf3 Bd2+ 45. Kb1 Qc3 46. Rg1 Bxe3 47. Rd1 Re8 48. Qf7 Qe5 49. Bd3 Qe6 50. Qxe6 Rxe6 51. Bf5 Re8 52. Rd7 1/2-1/2

[Event "NAYCC U18"]
[Site "Kingston CAN"]
[Date "2025.08.19"]
[Round "3.10"]
[White "Patel, Maahir M"]
[Black "Ramesan, Raunak Amit"]
[Result "1-0"]
[WhiteElo "2114"]
[BlackElo "1915"]
[WhiteFideId "-1"]
[WhiteFideId "-1"]
[PlyCount "49"]
[GameId "2215591224636239"]
[EventDate "2025.08.18"]
[EventType "swiss"]
[EventRounds "9"]
[EventCountry "CAN"]

1. e4 c5 2. Nf3 d6 3. d4 cxd4 4. Nxd4 Nf6 5. Nc3 Nc6 6. Bg5 e6 7. Qd2 a6 8. O-O-O Bd7 9. Kb1 Nxd4 10. Qxd4 Be7 11. f4 Bc6 12. Bc4 O-O 13. f5 b5 14. Bb3 e5 15. Qd3 Nxe4 16. Bxe7 Nxc3+ 17. Qxc3 Qxe7 18. Qxc6 Rfd8 19. h4 b4 20. g4 a5 21. Qe4 a4 22. Bd5 Rab8 23. g5 Qc7 24. f6 a3 25. fxg7 1-0

[Event "NAYCC U18"]
[Site "Kingston CAN"]
[Date "2025.08.19"]
[Round "3.11"]
[White "Berube, Maximilien"]
[Black "Malakar, Saarthak"]
[Result "1-0"]
[WhiteElo "1928"]
[BlackElo "2083"]
[WhiteFideId "-1"]
[WhiteFideId "-1"]
[PlyCount "81"]
[GameId "2215594860852055"]
[EventDate "2025.08.18"]
[EventType "swiss"]
[EventRounds "9"]
[EventCountry "CAN"]

1. d4 d5 2. Nf3 Nf6 3. c4 c6 4. Nbd2 g6 5. e3 Bg7 6. b3 O-O 7. Bb2 a5 8. a3 Bf5 9. Be2 Nbd7 10. O-O h6 11. Nh4 Be6 12. Bd3 g5 13. Nf5 Bxf5 14. Bxf5 e6 15. Bd3 Ne8 16. e4 dxe4 17. Nxe4 c5 18. Be2 f5 19. Ng3 Ndf6 20. f4 Qc7 21. Qc1 cxd4 22. Bxd4 Ne4 23. Bxg7 Qc5+ 24. Kh1 Nxg3+ 25. hxg3 Nxg7 26. Qc3 g4 27. b4 Qc6 28. c5 Nh5 29. Kh2 Nf6 30. Qe5 Rad8 31. Rfd1 Ne4 32. Bc4 Kf7 33. Qxf5+ Nf6 34. Re1 Rfe8 35. b5 Qd7 36. Re5 Re7 37. Rae1 Rde8 38. Qc2 Kg7 39. Qe2 Qd4 40. Rd1 Qc3 41. Re3 1-0

[Event "NAYCC U18"]
[Site "Kingston CAN"]
[Date "2025.08.19"]
[Round "3.13"]
[White "Chen, Max"]
[Black "Joseph, Jonath"]
[Result "1-0"]
[WhiteElo "2318"]
[BlackElo "1938"]
[WhiteFideId "-1"]
[WhiteFideId "-1"]
[PlyCount "93"]
[GameId "2218335745284966"]
[EventDate "2025.08.18"]
[EventType "swiss"]
[EventRounds "9"]
[EventCountry "CAN"]

1. e4 e5 2. Nf3 Nc6 3. Bc4 Bc5 4. O-O a6 5. c3 Ba7 6. d4 d6 7. dxe5 dxe5 8. Qxd8+ Nxd8 9. Nxe5 Be6 10. Bd3 f6 11. Nf3 Nc6 12. Re1 O-O-O 13. Bc2 Ne5 14. Nbd2 Nd3 15. Bxd3 Rxd3 16. Nf1 Bg4 17. Be3 Bxe3 18. Rxe3 Rxe3 19. Nxe3 Bxf3 20. gxf3 Ne7 21. Rd1 Rd8 22. Rxd8+ Kxd8 23. Kg2 Ng6 24. Kg3 Ne5 25. f4 Nd3 26. Nd1 Ke7 27. Kf3 Ne1+ 28. Ke2 Ng2 29. f5 Nf4+ 30. Kd2 Kd6 31. f3 Nh3 32. Ke3 Ng5 33. Nf2 Nf7 34. Nd3 g6 35. fxg6 hxg6 36. h3 c6 37. f4 Nd8 38. f5 g5 39. Nf2 Nf7 40. Ng4 Ke7 41. Kd4 Nd6 42. Nxf6 Nb5+ 43. Ke5 Nxc3 44. Nh7 Nxa2 45. f6+ Kf7 46. Nxg5+ Kf8 47. Ke6 1-0

[Event "NAYCC U18"]
[Site "Kingston CAN"]
[Date "2025.08.19"]
[Round "3.14"]
[White "Shankar, Pranav"]
[Black "Samanta, Neelansh"]
[Result "1-0"]
[WhiteElo "2028"]
[BlackElo "1698"]
[WhiteFideId "-1"]
[WhiteFideId "-1"]
[PlyCount "123"]
[GameId "2215792034971890"]
[EventDate "2025.08.18"]
[EventType "swiss"]
[EventRounds "9"]
[EventCountry "CAN"]

1. d4 d5 2. c4 c6 3. Nf3 Nf6 4. e3 e6 5. Nbd2 Be7 6. Bd3 Nbd7 7. O-O O-O 8. e4 dxe4 9. Nxe4 Nxe4 10. Bxe4 Nf6 11. Bc2 c5 12. Qd3 cxd4 13. Nxd4 a6 14. Rd1 Qc7 15. Bg5 g6 16. Qh3 Nh5 17. Bxe7 Qxe7 18. Re1 Qf6 19. Qe3 Rd8 20. Rad1 Bd7 21. b4 Rac8 22. c5 Nf4 23. Be4 Ba4 24. Nb3 Rxd1 25. Rxd1 Bc6 26. Na5 Nd5 27. Qd4 Qxd4 28. Rxd4 Nc3 29. Nxc6 bxc6 30. Bd3 Nb5 31. Rd7 Kf8 32. g3 Rb8 33. Be4 Nc3 34. Bxc6 Rxb4 35. Bb7 Na4 36. c6 Nb6 37. c7 Rc4 38. Rd8+ Ke7 39. c8=Q Nxc8 40. Rxc8 Ra4 41. Rc2 h5 42. Kg2 f6 43. Bf3 e5 44. Bd5 Kd6 45. Bf7 g5 46. Bxh5 Ke6 47. Be2 a5 48. g4 Kf7 49. Bc4+ Kg6 50. Be6 Kg7 51. Rc7+ Kh8 52. Rf7 Rf4 53. f3 e4 54. fxe4 Rxe4 55. Rxf6 Re2+ 56. Kf3 Rxh2 57. Rg6 Rh3+ 58. Ke4 a4 59. Rxg5 Rc3 60. Kf5 Rc7 61. Kf6 Rh7 62. Rg8# 1-0

[Event "NAYCC U18"]
[Site "Kingston CAN"]
[Date "2025.08.19"]
[Round "3.15"]
[White "Liu, Sean"]
[Black "Valavan, Aaryan"]
[Result "1-0"]
[WhiteElo "1823"]
[BlackElo "1659"]
[WhiteFideId "-1"]
[WhiteFideId "-1"]
[PlyCount "69"]
[GameId "2215796146782458"]
[EventDate "2025.08.18"]
[EventType "swiss"]
[EventRounds "9"]
[EventCountry "CAN"]

1. e4 g6 2. d4 Bg7 3. Nc3 d6 4. Be3 a6 5. Bd3 b5 6. Nf3 Nd7 7. Ne2 Bb7 8. h3 Ngf6 9. Nd2 c5 10. c3 O-O 11. O-O Rc8 12. f3 cxd4 13. cxd4 e5 14. d5 Nh5 15. Rb1 f5 16. b4 f4 17. Bf2 Nb6 18. Bc2 g5 19. a4 Nf6 20. axb5 axb5 21. Bd3 Nc4 22. Bxc4 bxc4 23. Nc3 h5 24. Qe2 Qd7 25. Nxc4 Qc7 26. Na5 Qxc3 27. Nxb7 Ne8 28. Na5 g4 29. fxg4 f3 30. Qe3 fxg2 31. Kxg2 Qc7 32. Rfc1 Qd7 33. Rxc8 Qxc8 34. Nc6 Qd7 35. g5 1-0

[Event "NAYCC U18"]
[Site "Kingston CAN"]
[Date "2025.08.19"]
[Round "3.16"]
[White "Zhuang, Ryan"]
[Black "Blomer, John"]
[Result "0-1"]
[WhiteElo "1706"]
[BlackElo "1775"]
[WhiteFideId "-1"]
[WhiteFideId "-1"]
[PlyCount "114"]
[GameId "2215797590544642"]
[EventDate "2025.08.18"]
[EventType "swiss"]
[EventRounds "9"]
[EventCountry "CAN"]

1. e4 c5 2. Nc3 a6 3. f4 e6 4. Nf3 b5 5. d3 Be7 6. g3 d5 7. Bg2 Bb7 8. O-O Nc6 9. f5 d4 10. fxe6 fxe6 11. Nb1 Nf6 12. Bf4 O-O 13. Bh3 Bc8 14. Nbd2 Bd7 15. c3 e5 16. Qb3+ Kh8 17. Bxd7 c4 18. dxc4 Nxd7 19. cxb5 Na5 20. Qe6 dxc3 21. Nxe5 Nxe5 22. Bxe5 cxd2 23. Rad1 Rxf1+ 24. Kxf1 Qd3+ 25. Kg2 Qxe4+ 26. Kh3 Bf6 27. Rxd2 Qxe5 28. Qg4 axb5 29. Re2 Qg5 30. Qf3 Rg8 31. Re6 Nc4 32. g4 Qh4+ 33. Kg2 Ne5 34. Qf4 Qxg4+ 35. Qxg4 Nxg4 36. Rb6 Bxb2 37. Rxb5 Bf6 38. a4 g6 39. h4 h5 40. Rb3 Ra8 41. Ra3 Bxh4 42. Kh3 Be7 43. Ra2 Ra5 44. Re2 Bf6 45. Ra2 g5 46. Ra3 Ne5 47. Ra2 g4+ 48. Kg3 Bg5 49. Ra1 h4+ 50. Kg2 Bf4 51. Ra2 h3+ 52. Kh1 g3 53. Ra3 Nf3 54. Rxf3 Rxa4 55. Kg1 Ra1+ 56. Rf1 Be3+ 57. Kh1 Rxf1# 0-1

[Event "NAYCC U18"]
[Site "Kingston CAN"]
[Date "2025.08.20"]
[Round "4.1"]
[White "Kot, Emanuel"]
[Black "Cherukuri, Nitesh"]
[Result "1/2-1/2"]
[WhiteElo "2166"]
[BlackElo "2252"]
[WhiteFideId "-1"]
[WhiteFideId "-1"]
[PlyCount "110"]
[GameId "2215839284754226"]
[EventDate "2025.08.18"]
[EventType "swiss"]
[EventRounds "9"]
[EventCountry "CAN"]

1. e4 c5 2. Nf3 Nc6 3. d4 cxd4 4. Nxd4 Nf6 5. Nc3 d6 6. Bc4 Bd7 7. Be3 e6 8. Qe2 a6 9. Bb3 b5 10. O-O-O Na5 11. f3 b4 12. Na4 Be7 13. g4 Qc7 14. Kb1 Nxb3 15. cxb3 O-O 16. g5 Nh5 17. Qd2 Rab8 18. Ne2 f5 19. gxf6 Nxf6 20. Rhg1 Kh8 21. Rc1 Qb7 22. Nb6 Be8 23. Nd4 Bg6 24. Rxg6 hxg6 25. Nxe6 Nxe4 26. Qd4 Rf6 27. Rc7 Qxb6 28. Qxb6 Rxb6 29. Rxe7 Rc6 30. Nd4 Nc3+ 31. bxc3 Rxc3 32. h4 Kg8 33. Bg5 Rf7 34. Re8+ Rf8 35. Rxf8+ Kxf8 36. Kb2 Ke8 37. a3 Rd3 38. Nc2 bxa3+ 39. Kxa3 Rxf3 40. Nb4 Kd7 41. Nxa6 Kc6 42. Nb4+ Kc5 43. Nc2 d5 44. Be7+ Kb6 45. Kb4 Rf4+ 46. Kc3 Rf3+ 47. Kb2 Rf2 48. b4 d4 49. Kc1 Kb5 50. Nxd4+ Kc4 51. Bc5 Rf4 52. Ne6 Rxh4 53. Kd2 g5 54. Nxg5 Kb5 55. Kd3 Rxb4 1/2-1/2

[Event "NAYCC U18"]
[Site "Kingston CAN"]
[Date "2025.08.20"]
[Round "4.2"]
[White "Guo, Ethan"]
[Black "Vemparala, Nikash"]
[Result "1-0"]
[WhiteElo "2311"]
[BlackElo "2176"]
[WhiteFideId "-1"]
[WhiteFideId "-1"]
[PlyCount "101"]
[GameId "2215841595860794"]
[EventDate "2025.08.18"]
[EventType "swiss"]
[EventRounds "9"]
[EventCountry "CAN"]

1. e4 e5 2. Nf3 Nc6 3. Bc4 Bc5 4. O-O Nf6 5. d3 O-O 6. h3 a6 7. a4 d6 8. c3 Ba7 9. Re1 Ne7 10. d4 Ng6 11. Bb3 h6 12. Bc2 Nh7 13. Be3 Qf6 14. Nbd2 Be6 15. Nf1 Ng5 16. Nxg5 hxg5 17. Nh2 Nf4 18. Qd2 Rfe8 19. a5 Qg6 20. f3 Rad8 21. Rad1 Bc8 22. b4 Qf6 23. Bb3 Be6 24. Bxe6 Qxe6 25. Ng4 f6 26. d5 Bxe3+ 27. Qxe3 Qf7 28. c4 f5 29. exf5 Qxf5 30. Rd2 Rf8 31. Qb3 Rde8 32. Nf2 Qg6 33. b5 Qh6 34. Qe3 Qh5 35. Rb1 Qh4 36. Ne4 Qh6 37. b6 g4 38. fxg4 Rc8 39. Kh2 cxb6 40. Rxb6 Rxc4 41. Nxd6 Rc1 42. Nf5 Qg5 43. Rxb7 Rxf5 44. gxf5 Qxf5 45. d6 Ne6 46. Rf2 Rc3 47. Rxf5 Rxe3 48. Re7 g6 49. Rxe6 gxf5 50. d7 Rd3 51. Re8+ 1-0

[Event "NAYCC U18"]
[Site "Kingston CAN"]
[Date "2025.08.20"]
[Round "4.3"]
[White "Das, Aditeya"]
[Black "Martinez Flores, Matias"]
[Result "1-0"]
[WhiteElo "2259"]
[BlackElo "2060"]
[WhiteFideId "-1"]
[WhiteFideId "-1"]
[PlyCount "63"]
[GameId "2215843892254577"]
[EventDate "2025.08.18"]
[EventType "swiss"]
[EventRounds "9"]
[EventCountry "CAN"]

1. e4 c5 2. Nf3 d6 3. d4 cxd4 4. Nxd4 Nf6 5. Nc3 a6 6. h3 e5 7. Nb3 Be7 8. g4 h6 9. Be3 Be6 10. Qf3 Nbd7 11. O-O-O Qc7 12. Kb1 b5 13. Nd5 Bxd5 14. exd5 O-O 15. h4 Rac8 16. c3 e4 17. Qe2 Qb7 18. g5 Nxd5 19. gxh6 g6 20. h5 g5 21. Na5 Qa8 22. Bxg5 Bxg5 23. Qg4 f6 24. Qxd7 Rf7 25. h7+ Kg7 26. h6+ Bxh6 27. Qh3 Bg5 28. Rxd5 Qxd5 29. h8=Q+ Rxh8 30. Qxh8+ Kg6 31. Be2 Re7 32. Rd1 1-0

[Event "NAYCC U18"]
[Site "Kingston CAN"]
[Date "2025.08.20"]
[Round "4.4"]
[White "Lin, Leo"]
[Black "Park, Evan"]
[Result "0-1"]
[WhiteElo "2059"]
[BlackElo "2412"]
[WhiteFideId "-1"]
[WhiteFideId "-1"]
[PlyCount "104"]
[GameId "2215845034485625"]
[EventDate "2025.08.18"]
[EventType "swiss"]
[EventRounds "9"]
[EventCountry "CAN"]

1. e4 e5 2. Nf3 Nc6 3. Bc4 Bc5 4. c3 Nf6 5. d3 d6 6. O-O h6 7. Nbd2 a6 8. Bb3 Ba7 9. Re1 O-O 10. h3 Re8 11. Nf1 Be6 12. Bc2 d5 13. exd5 Qxd5 14. Ng3 Rad8 15. Be3 Bxe3 16. Rxe3 Qd6 17. Nh4 Nd5 18. Re1 Nf4 19. Qf3 Bd5 20. Qg4 Qf6 21. Nh5 Nxh5 22. Qxh5 g5 23. Nf3 Bxf3 24. Qxf3 Qxf3 25. gxf3 Re7 26. Re3 Red7 27. a4 a5 28. Rae1 Kg7 29. Kh2 f6 30. h4 Ne7 31. d4 Nd5 32. Re4 Nf4 33. Kg3 exd4 34. cxd4 Kf8 35. hxg5 fxg5 36. Re5 b6 37. Rf5+ Rf7 38. Rxf7+ Kxf7 39. Bb3+ Kf6 40. Re4 Rxd4 41. Rxd4 Ne2+ 42. Kg4 Nxd4 43. Bc4 Ke5 44. Bd3 Ne6 45. Bc4 Nf4 46. Bb5 Kf6 47. Bc6 Nd3 48. Kh5 Kg7 49. b3 Nxf2 50. Bb5 Nd1 51. Bc6 Ne3 52. Bd7 Nd5 0-1

[Event "NAYCC U18"]
[Site "Kingston CAN"]
[Date "2025.08.20"]
[Round "4.5"]
[White "Yang, Jingyun (Ryan)"]
[Black "Berube, Maximilien"]
[Result "1-0"]
[WhiteElo "2372"]
[BlackElo "1928"]
[WhiteFideId "-1"]
[WhiteFideId "-1"]
[PlyCount "97"]
[GameId "2215852317857668"]
[EventDate "2025.08.18"]
[EventType "swiss"]
[EventRounds "9"]
[EventCountry "CAN"]

1. e4 c5 2. Nf3 d6 3. d4 cxd4 4. Nxd4 Nf6 5. Nc3 e5 6. Nb3 Be7 7. Bc4 Be6 8. Bxe6 fxe6 9. Bg5 Nbd7 10. Qe2 Rc8 11. Rd1 O-O 12. O-O a6 13. a4 Qe8 14. f4 Qg6 15. Bxf6 Rxf6 16. f5 Qf7 17. Nd2 exf5 18. Nd5 Rxc2 19. Qd3 Rc6 20. Qb3 Bd8 21. Qxb7 Rb6 22. Qc8 Rb8 23. Nxf6+ gxf6 24. Qc4 d5 25. Qxd5 Qxd5 26. exd5 Rxb2 27. Rxf5 Rb4 28. Rb1 Bb6+ 29. Kf1 Rxa4 30. Rf3 Rd4 31. Ke2 Rxd5 32. Ne4 Bd8 33. Rb7 Rd4 34. Ng3 Nc5 35. Rb8 Kf7 36. Nf5 Rd7 37. Rc3 Ne6 38. Rcc8 Kg6 39. Ne3 a5 40. g3 a4 41. Ra8 Rd4 42. Rc6 Kf7 43. Ra7+ Be7 44. Nf5 Re4+ 45. Kd3 Rd4+ 46. Nxd4 Nxd4 47. Rcc7 Nf5 48. g4 e4+ 49. Kxe4 1-0